00370 a2200121 4500001000900000005001700009008004100026245004800067100002300115700002100138773007200159999001700231ART_341120260410161714.0260409a 10aLos nuevos trabajadores en América Latina1 aTorre, Juan Carlos1 aJelin, Elizabeth0 tDesarrollo económicog- Vol. 22, Nº 85 (abr./jun. 1982)wREV1174 c16365d16365